| 000 | 00672nam a2200193 i 4500 | ||
|---|---|---|---|
| 001 | 50272 | ||
| 003 | ES-MaACL | ||
| 005 | 20230906162142.0 | ||
| 007 | t| | ||
| 008 | 030801s1979 ve |||| | spa d | ||
| 080 | _a341.433(72)(042) | ||
| 100 | 1 |
_aCruz Miramontes, Rodolfo. _941836 |
|
| 245 | 1 | 3 |
_aLa situación jurídica del asilado en México / _cRodolfo Cruz Miramontes. |
| 260 |
_aMérida (Venezuela) : _bUniversidad de los Andes, Facultad de Derecho, _c1979. |
||
| 300 |
_a15 p. ; _c23 cm. |
||
| 650 | 4 |
_aDerecho de asilo- _zMéxico. _9162060 |
|
| 710 | 2 |
_aUniversidad de los Andes (Mérida, Venezuela). _bFacultad de Derecho. _97204 |
|
| 852 |
_aES-MaACL _j2112-F-11 |
||
| 999 |
_c50272 _d50272 |
||